000
00284nam a2200121Ia 4500
008
220204s9999 xx 000 0 und d
082
_a
954
_b
MAH
100
_a
Mahajan, Vidya Dhar
245
0
_a
India since 1526
250
_a
Ed.13
260
_a
New Delhi
_b
S Chand
_c
1976
942
_c
BK
999
_c
28767
_d
28767